Golden Globe and Emmy: Comedy Series Quiz Stats

 Plays Quiz Updated Feb 28, 2021

Support Sporcle.
Go Orange.
Score 0/17 Timer 05:00
1 Play Today
Lead Actor Show % Correct
Tina Fey30 Rock
93.1%
Ted DansonCheers
92.9%
Sarah Jessica ParkerSex and the City
91.7%
Bea ArthurThe Golden Girls
90.7%
Jason AlexanderSeinfeld
88.2%
Alan AldaM*A*S*H
88%
Ed O'NeillModern Family
82.6%
Fred SavageThe Wonder Years
80%
Eugene LevySchitt's Creek
78.1%
Lead Actor Show % Correct
Calista FlockhartAlly McBeal
76.5%
Phylicia RashādThe Cosby Show
76.1%
Candice BergenMurphy Brown
74.6%
Carroll O'ConnorAll in the Family
73.9%
Judd HirschTaxi
67.8%
Phoebe Waller-BridgeFleabag
54.1%
Hal LindenBarney Miller
46.5%
Rachel BrosnahanThe Marvelous Mrs. Maisel
39.1%

From the Vault

Playable Mario Party Characters

by ttv

Gaming 4m
There ain't no party like a Mario Party.
Remove Ads.
Support Sporcle.
Get the best of Sporcle when you Go Orange. This ad-free experience offers more features, more stats, and more fun while also helping to support Sporcle. Thank you for becoming a member.

Show Comments

Extras

Top Quizzes Today


Score Distribution

Your Account Isn't Verified!

In order to create a playlist on Sporcle, you need to verify the email address you used during registration. Go to your Sporcle Settings to finish the process.

Report this User

Report this user for behavior that violates our Community Guidelines.

Details: